El código civil de Chile 1855-2005. Trabajos expuestos en el congreso internacional celebrado para conmemorar su promulgación
Guardat en:
| Autor principal: | |
|---|---|
| Format: | Llibre |
| Idioma: | espanyol |
| Publicat: |
Santiago
Lexis Nexis
2007
|
| Edició: | 1a. ed |
| Matèries: | |
| Etiquetes: |
Afegir etiqueta
Sense etiquetes, Sigues el primer a etiquetar aquest registre!
|
MARC
| LEADER | 00000nam a2200000 a 4500 | ||
|---|---|---|---|
| 001 | UCI3618 | ||
| 003 | CL-VaPUC | ||
| 005 | 20250416110213.0 | ||
| 008 | 071123e20070000cl 1 spa d | ||
| 020 | |a 9789562387071 | ||
| 082 | 0 | 4 | |a 346.83 |b GUZ |2 21 |
| 100 | |a Guzmán Brito, Alejandro Ángel |e autor |9 388 | ||
| 245 | 1 | 3 | |a El código civil de Chile 1855-2005. Trabajos expuestos en el congreso internacional celebrado para conmemorar su promulgación |
| 250 | |a 1a. ed | ||
| 260 | |a Santiago |b Lexis Nexis |c 2007 | ||
| 300 | |a 769 p | ||
| 583 | |a last modification |c 20190828 10:06:32 |k Rodrigo Vera | ||
| 650 | 0 | 0 | |a Código civil chileno |9 255931 |
| 650 | 0 | 0 | |a Derecho civil |9 255013 |
| 650 | 0 | 0 | |a Congresos |9 257560 |
| 651 | 7 | |a CHILE |2 CL-VaPUC |9 621090 | |
| 942 | |c BK | ||
| 945 | |a rbrito |d 20071123 00:00:00 | ||
| 546 | |a En Español | ||
| 536 | |a Consejo de Decanos de las Facultades de Derecho de Universidades Tradicionales | ||
| 518 | |p Congreso Internacional El Código Civil de Chile, 1, Santiago, 3-6 de octubre de 2005 | ||
| 999 | |c 384306 |d 384304 | ||
| 952 | |0 0 |1 0 |4 0 |6 346_830000000000000_GUZ_2007 |7 0 |8 A |9 506953 |a BIBDER |b BIBDER |d 2020-01-23 |i 438931K |l 3 |m 2 |o 346.83 GUZ 2007 |p 438931K |q 2025-12-31 |r 2022-10-12 |s 2022-10-12 |w 2020-01-23 |y BK |k DER | ||